Statistics for Percy Jackson - The Last Olympian Characters

Click here to take the quiz!

General Stats

  • This quiz has been taken 116 times
  • The average score is 6 of 15

Answer Stats

HintAnswer% Correct
The last OlympianHestia
86%
Grover's girlfriendJuniper
84%
Luke's motherMay Castellan
78%
Has a condition in Greek mythology named after him, Percy's is on his back, this person's is on his heelAchilles
73%
Huge 200-foot long serpent that killed SilenaDrakon
65%
Senior Demeter camp counselerKatie Gardner
56%
God of sleepMorpheus
46%
Grover's uncleFerdinand
45%
Old satyr who diesLeneus
30%
Hades's wifeMaria di Angelo
30%
God of DolphinsDelphin
25%
Gives Percy the messagePrometheus
4%
A statue that comes to lifeWilliam Seward
4%
Queen of DracaenaeSess
3%
Head counseler for Ares cabinSherman Yang
1%

Score Distribution

Percentile by Number Answered

Percent of People with Each Score

Your Score History

You have not taken this quiz